The horizon of existence : (Record no. 93777)

MARC details
000 -LEADER
fixed length control field 00540nam a22001817a 4500
005 - DATE AND TIME OF LATEST TRANSACTION
control field 20150622161620.0
010 ## - LCCN (DPL NO)
LC control number ENG-113096
020 ## - INTERNATIONAL STANDARD BOOK NUMBER
International Standard Book Number 9788187891482
Terms of availability 250.00
035 ## - SYSTEM CONTROL NUMBER
System control number EN-96628
037 ## - SOURCE OF ACQUISITION
Source of stock number/acquisition DBAD/PUB
082 ## - DEWEY DECIMAL CLASSIFICATION NUMBER
Classification number 181.41
100 ## - MAIN ENTRY--PERSONAL NAME
Personal name Kapoor, Madhu
245 ## - TITLE STATEMENT
Title The horizon of existence :
Statement of responsibility, etc by Madhu Kapoor
Remainder of title a flight of the Indian mind /
260 ## - PUBLICATION, DISTRIBUTION, ETC. (IMPRINT)
Name of publisher, distributor, etc Readers Service
Date of publication, distribution, etc 2011
Place of publication, distribution, etc Kolkata
270 ## - ADDRESS
City Kolkata
Postal code 700075
Address 59/5A, Garfa Main Road
300 ## - PHYSICAL DESCRIPTION
Extent vi,123p.
Dimensions 22cm(Hb)
942 ## - ADDED ENTRY ELEMENTS (KOHA)
Source of classification or shelving scheme Dewey Decimal Classification
Item type English Books
Call number suffix KAP
Classification part 181.41
Holdings
Withdrawn status Lost status Not for loan Collection code Home library Current library Date acquired Source of acquisition Cost, normal purchase price Full call number Barcode Copy number Cost, replacement price Koha item type
    Not For Loan Fiction D.B.Act.Division D.B.Act.Division 20/05/2015 DBAD/PUB 250.00 181.41 KAP EN-96628 1 250.00 English Books

© Delhi Public Library
Hit Counter
free hit counter